Cities and Counties of North Chungcheong - Statistics

General Stats
  • This quiz has been taken 18 times
  • The average score is 10 of 11
Answer Stats
Answer % Correct
Cheongju-si/청주시
100%
Chungju-si/충주시
92%
Goesan-gun/괴산군
92%
Jecheon-si/제천시
92%
Jeungpyeong-gun/증평군
92%
Okcheon-gun/옥천군
92%
Yeongdong-gun/영동군
92%
Boeun-gun/보은군
83%
Eumseong-gun/음성군
83%
Jincheon-gun/진천군
83%
Damyang-gun/담양군
75%
No matching quizzes found
Score Distribution
Percent of People with Each Score
Percentile by Number Answered
Your Score History
You have not taken this quiz